| 000 -ლიდერი |
| ფიქსირებული სიგრძის საკონტროლო ველი |
01976nam a22002297a 4500 |
| 003 - საკონტროლო ნომრის იდენტიფიკატორი |
| საკონტროლო ველი |
Ge_BSU |
| 005 - ბოლო ოპერაციის თარიღი და დრო |
| საკონტროლო ველი |
20230717101007.0 |
| 008 - ფიქსირებული სიგრძის მონაცემთა ელემენტები - ზოგადი ინფორმაცია |
| ფიქსირებული სიგრძის საკონტროლო ველი |
230605s2014 ge ||||| |||| 00| 0 geo d |
| 041 ## - ენის კოდი |
| Language code of text/sound track or separate title |
geo |
| 080 ## - უნივერსალური ათობითი კლასიფიკაციის ინდექსი |
| Universal Decimal Classification number |
94(479.22) მ-92 |
| 100 ## - მთავარი ჩანაწერი - პიროვნების სახელი |
| Personal name |
მუსხელიშვილი, დავით |
| 9 (RLIN) |
18460 |
| 245 ## - ცნობა სათაურის შესახებ |
| Title |
სამეცნიერო სტატიები, წერილები და პუბლიცისტიკა : |
| Remainder of title |
[კრებული] / |
| Statement of responsibility, etc |
დავით მუსხელიშვილი; შემდგ. ალექსანდრე დაუშვილი; საქ. მართლმადიდებელ ეკლესიასთან არსებული ქრისტიანული კვლევის საერთაშ. ცენტრი, ისტ., ეთნოლ., რელიგიის შესწავლისა და პროპაგანდის სამეცნ. ცენტრი. |
| 264 ## - წარმოების, გამოცემის, დისტრიბუციის და სხვა ცნობები |
| გამოცემის, წარმოების, დისტრიბუციის... ადგილი |
ღბილის : |
| გამოცემის, წარმოების, დისტრიბუციის... სახელწოდება |
უნივერსალი, |
| გამოცემის, წარმოების, დისტრიბუციის... თარიღი |
2014. |
| 300 ## - ფიზიკური აღწერა |
| Extent |
547 გვ. ; |
| Other physical details |
29 სმ. |
| 500 ## - ზოგადი შენიშვნა |
| General note |
სტატიების ნაწილი რუს. |
| 504 ## - BIBLIOGRAPHY, ETC. NOTE |
| Bibliography, etc |
ბიბლიოგრ. ტექსტ. შენიშვნ. და გვ. 532-543. |
| 653 ## - INDEX TERM--UNCONTROLLED |
| Uncontrolled term |
საქართველოს ახალი ისტორია |
| 653 ## - INDEX TERM--UNCONTROLLED |
| Uncontrolled term |
საქართველოს არქეოლოგია |
| 700 ## - ADDED ENTRY--PERSONAL NAME |
| Personal name |
დაუშვილი, ალექსანდრე |
| Relator term |
შემდგენელი |
| 9 (RLIN) |
5482 |
| 710 ## - ADDED ENTRY--CORPORATE NAME |
| Corporate name or jurisdiction name as entry element |
საქ. მართლმადიდებელ ეკლესიასთან არსებული ქრისტიანული კვლევის საერთაშ. ცენტრი |
| Subordinate unit |
ისტ., ეთნოლ., რელიგიის შესწავლისა და პროპაგანდის სამეცნ. ცენტრი. |
| 9 (RLIN) |
18461 |
| 942 ## - ADDED ENTRY ELEMENTS (KOHA) |
| Source of classification or shelving scheme |
|
| Koha item type |
წიგნი |